2025 - JEE Main Physics/ (Record no. 207200)

MARC details
000 -LEADER
fixed length control field 00910nam a22002297a 4500
005 - DATE AND TIME OF LATEST TRANSACTION
control field 20250806141901.0
010 ## - LCCN (DPL NO)
LC control number ENG-146416
020 ## - INTERNATIONAL STANDARD BOOK NUMBER
Terms of availability 391.00
International Standard Book Number 9789361591440
035 ## - SYSTEM CONTROL NUMBER
System control number EN-129948
037 ## - SOURCE OF ACQUISITION
Source of stock number/acquisition DBAD
037 ## - SOURCE OF ACQUISITION
Source of stock number/acquisition DBAD
082 ## - DEWEY DECIMAL CLASSIFICATION NUMBER
Classification number 530
Edition number 2
100 ## - MAIN ENTRY--PERSONAL NAME
Personal name Rahul Sardana
245 ## - TITLE STATEMENT
Title 2025 - JEE Main Physics/
Statement of responsibility, etc By Rahul Sardana
250 ## - EDITION STATEMENT
Edition statement 2
260 ## - PUBLICATION, DISTRIBUTION, ETC. (IMPRINT)
Place of publication, distribution, etc Uttar Pradesh
Name of publisher, distributor, etc Pearson India Education Pvt Ltd
Date of publication, distribution, etc 2025
270 ## - ADDRESS
City Uttar Pradesh
Address 1st FLoor, Berger Tower, Plot No. C-001A/2, Sector-16B, Noida
Postal code 201301
300 ## - PHYSICAL DESCRIPTION
Extent vpp.
Dimensions 28cm(pb)
Other physical details Index
490 ## - SERIES STATEMENT
Volume number/sequential designation Vol 2
500 ## - GENERAL NOTE
General note Based on the Latest JEE Main Exam Pattern | JEE Main 2024 Solved Paper | 2021 to 2023 JEE ... 2025 - JEE Main Physics Vol 2 | Based on the Latest JEE Main Exam Pattern | JEE Main 2024 Solved Paper | 2021 to 2023 JEE main Solved Question Chapter-wise
942 ## - ADDED ENTRY ELEMENTS (KOHA)
Source of classification or shelving scheme Dewey Decimal Classification
Item type English Books
Classification part 530
Call number suffix SAR
Edition 2
Holdings
Withdrawn status Lost status Not for loan Collection code Home library Current library Date acquired Source of acquisition Cost, normal purchase price Full call number Barcode Copy number Cost, replacement price Koha item type
      Non-fiction Central Library Central Library 29/11/2024 Delivery of Books Act Division 995.00 530 SAR EN-126255 1 995.00 English Books
      Non-fiction Mobile Library Mobile Library 06/08/2025 DBAD 391.00 530 SAR EN-129948 1 391.00 English Books

© Delhi Public Library
Hit Counter
free hit counter